000
00299nam a22001217a 4500
008
260311b ||||| |||| 00| 0 eng d
041
_a
eng
080
_8
2.1
_a
2.1
100
_a
20.10
101
_a
Instituti shkencor
245
_a
Instituti për kërkime shkencore dhe Zhvillimi
942
_2
udc
_c
BK
999
_c
60883
_d
60883